एक से बढ़कर एक / (Record no. 50937)

MARC details
000 -LEADER
fixed length control field 01181nam a22003137a 4500
005 - DATE AND TIME OF LATEST TRANSACTION
control field 2010091802302.0
008 - FIXED-LENGTH DATA ELEMENTS--GENERAL INFORMATION
fixed length control field 100915t xxu||||| |||| 00| 0 hin d
010 ## - LCCN (DPL NO)
LC control number HIN-91982
020 ## - INTERNATIONAL STANDARD BOOK NUMBER
Terms of availability 300.00
International Standard Book Number 9788128829789
035 ## - SYSTEM CONTROL NUMBER
System control number HN-64328
037 ## - SOURCE OF ACQUISITION
Source of stock number/acquisition DBAD / PUB
040 ## - CATALOGING SOURCE
Original cataloging agency DPL
Language of cataloging HN
082 ## - DEWEY DECIMAL CLASSIFICATION NUMBER
Classification number 158.1
100 ## - MAIN ENTRY--PERSONAL NAME
9 (RLIN) 20178
Personal name जोगिन्दर सिंह
110 ## - MAIN ENTRY--CORPORATE NAME
9 (RLIN) 26418
245 ## - TITLE STATEMENT
Title एक से बढ़कर एक /
Statement of responsibility, etc जोगिन्दर सिंह
246 ## - VARYING FORM OF TITLE
Title proper/short title Ek se badkar ek
Remainder of title by joginder singh
260 ## - PUBLICATION, DISTRIBUTION, ETC. (IMPRINT)
Place of publication, distribution, etc दिल्ली
Name of publisher, distributor, etc प्रियंका एसोसिएशन
Date of publication, distribution, etc 2010
270 ## - ADDRESS
Address 12-C अंडर हिल लेन, सिविल लाइन
City दिल्ली
Postal code 110054
300 ## - PHYSICAL DESCRIPTION
Extent 130पृ.
Dimensions 22सेमी (सजिल्द)
600 ## - SUBJECT ADDED ENTRY--PERSONAL NAME
9 (RLIN) 26453
650 ## - SUBJECT ADDED ENTRY--TOPICAL TERM
9 (RLIN) 1159
650 ## - SUBJECT ADDED ENTRY--TOPICAL TERM
9 (RLIN) 26117
700 ## - ADDED ENTRY--PERSONAL NAME
9 (RLIN) 20179
700 ## - ADDED ENTRY--PERSONAL NAME
9 (RLIN) 20333
700 ## - ADDED ENTRY--PERSONAL NAME
9 (RLIN) 20540
942 ## - ADDED ENTRY ELEMENTS (KOHA)
Source of classification or shelving scheme Dewey Decimal Classification
Item type Hindi Books
Call number suffix जोगिन्द
Classification part 158.1
Holdings
Withdrawn status Lost status Source of classification or shelving scheme Damaged status Not for loan Collection code Home library Current library Date acquired Source of acquisition Cost, normal purchase price Total Checkouts Full call number Barcode Date last seen Copy number Cost, replacement price Koha item type
    Dewey Decimal Classification   Not For Loan Non-fiction D.B.Act.Division D.B.Act.Division 09/03/2011 DBAD 300.00   158.1 जोगिन्द HN-64328 09/03/2011 1 300.00 Hindi Books

© Delhi Public Library
Hit Counter
free hit counter